| Поле | Название | Значение |
| |
Тип записи |
a |
| |
Библиографический уровень |
m |
| 001 |
Контрольный номер |
RU/URAIT/587607 |
| 005 |
Дата корректировки |
20260429163654.1 |
| 008 |
Кодируемые данные |
260429s2026 RU y f j 000 0 rus u |
| 020 |
Индекс ISBN |
__ |
| a |
ISBN |
978-5-534-11380-8 |
| c |
Цена, тираж |
2579.00 |
| 040 |
Источник каталогиз. |
__ |
| a |
Служба первич. каталог. |
ИКО Юрайт |
| c |
Служба, преобразующая запись |
ИКО Юрайт |
| e |
Правила каталог. |
RCR |
| 041 |
Код языка издания |
__ |
| a |
Код языка текста |
rus |
| 044 |
Код страны публикации |
__ |
| a |
Код страны публикации |
RU |
| 080 |
Индекс УДК |
__ |
| a |
Индекс УДК |
004(075.8) |
| 084 |
Индекс другой классификации/Индекс ББК |
__ |
| 2 |
Источник индекса |
rubbk |
| a |
Индекс другой классификации/Индекс ББК |
22.18я73 |
| 100 |
Автор |
__ |
| a |
Автор |
Бабичев С. Л. |
| q |
Полное имя |
Бабичев Сергей Леонидович |
| 245 |
Заглавие |
__ |
| a |
Заглавие |
Распределенные системы |
| b |
Продолж. заглавия |
учебник для вузов |
| c |
Ответственность |
С. Л. Бабичев, К. А. Коньков. |
| 256 |
Характеристики компьютерного файла |
__ |
| a |
Характеристики компьютерного файла |
Электрон. дан. |
| 260 |
Выходные данные |
__ |
| a |
Место издания |
Москва |
| b |
Издательство |
Юрайт |
| c |
Дата издания |
2026 |
| 300 |
Физическое описание |
__ |
| a |
Объем |
507 с |
| 440 |
Серия |
__ |
| a |
Серия |
Высшее образование |
| 500 |
Примечания |
__ |
| a |
Примечание |
URL: https://urait.ru/bcode/587607 (дата обращения: 29.04.2026). |
| 520 |
Аннотация |
__ |
| a |
Аннотация |
Книга представляет собой систематизированный учебный курс по теории распределенных систем. В ней рассмотрены фундаментальные принципы, концепции, технологии и особенности функционирования современных распределенных систем. Теоретический материал дополнен разнообразными практическими примерами. Книга предназначена студентам и преподавателям, а также может представлять интерес для специалистов в области информационных технологий. Для ее понимания достаточно иметь начальные сведения из курсов по теории алгоритмов, операционных систем, сетевых технологий и программированию. Содержание учебника соответствует актуальным требованиям Федерального государственного образовательного стандарта высшего образования. Для студентов высших учебных заведений (бакалавриат и магистратура), обучающихся по ИТ-направлениям. |
| 538 |
Прим. о системных особенностях |
__ |
| a |
Прим. о системных особенностях |
Режим доступа: Электронно-библиотечная система Юрайт, для авториз. пользователей |
| 653 |
Ключевые слова |
__ |
| a |
Ключевые слова |
Программирование |
| 653 |
Ключевые слова |
__ |
| a |
Ключевые слова |
Компьютерные и информационные науки |
| 653 |
Ключевые слова |
__ |
| a |
Ключевые слова |
Программирование |
| 653 |
Ключевые слова |
__ |
| a |
Ключевые слова |
Методы программирования |
| 653 |
Ключевые слова |
__ |
| a |
Ключевые слова |
Распределенные системы |
| 653 |
Ключевые слова |
__ |
| a |
Ключевые слова |
Основы программирования |
| 653 |
Ключевые слова |
__ |
| a |
Ключевые слова |
Программирование для ЭВМ |
| 653 |
Ключевые слова |
__ |
| a |
Ключевые слова |
Введение в программирование |
| 653 |
Ключевые слова |
__ |
| a |
Ключевые слова |
Вычислительные сети и распределенные вычисления |
| 653 |
Ключевые слова |
__ |
| a |
Ключевые слова |
Организация распределенных вычислительных систем |
| 653 |
Ключевые слова |
__ |
| a |
Ключевые слова |
Распределенные вычисления |
| 653 |
Ключевые слова |
__ |
| a |
Ключевые слова |
Распределенные системы и алгоритмы |
| 653 |
Ключевые слова |
__ |
| a |
Ключевые слова |
Параллельные и распределенные вычисления |
| 653 |
Ключевые слова |
__ |
| a |
Ключевые слова |
Разработка распределенных систем |
| 653 |
Ключевые слова |
__ |
| a |
Ключевые слова |
Распределенные вычисления и приложения |
| 653 |
Ключевые слова |
__ |
| a |
Ключевые слова |
Управление распределенными системами |
| 653 |
Ключевые слова |
__ |
| a |
Ключевые слова |
Распределенные системы вычислений |
| 653 |
Ключевые слова |
__ |
| a |
Ключевые слова |
Программирование на ЭВМ |
| 653 |
Ключевые слова |
__ |
| a |
Ключевые слова |
Распределенные и параллельные вычисления |
| 653 |
Ключевые слова |
__ |
| a |
Ключевые слова |
Устойчивость распределенных динамических систем |
| 653 |
Ключевые слова |
__ |
| a |
Ключевые слова |
Численное моделирование процессов в распределенных системах |
| 653 |
Ключевые слова |
__ |
| a |
Ключевые слова |
Функциональные языки разработки распределенных систем |
| 653 |
Ключевые слова |
__ |
| a |
Ключевые слова |
Эффективное программирование распределенных систем |
| 653 |
Ключевые слова |
__ |
| a |
Ключевые слова |
Распределенные алгоритмы и системы |
| 653 |
Ключевые слова |
__ |
| a |
Ключевые слова |
Введение в распределенные системы |
| 700 |
Другие авторы |
__ |
| a |
Другие авторы |
Коньков К. А. |
| q |
Полное имя |
Коньков Константин Алексеевич |
| 856 |
Электронный адрес документа |
40 |
| n |
Местонахождение сервера |
Юрайт |
| g |
|
Электронная книга |
| q |
Тип электронного формата |
html |
| h |
Имя пользователя |
ЮРАЙТ |
| v |
Часы доступа к ресурсу |
20271231 |
| 2 |
Способ доступа |
Показать документ |
| x |
Служебное примечание |
https://urait.ru/book/cover/B60E5254-21CD-4743-AAF3-48151ABBA20F |
| u |
URL |
https://urait.ru/bcode/587607 |
| 856 |
Электронный адрес документа |
48 |
| q |
Тип электронного формата |
cover |
| u |
URL |
https://urait.ru/book/cover/B60E5254-21CD-4743-AAF3-48151ABBA20F |
| 911 |
|
__ |
| u |
|
0030=https://urait.ru/bcode/587607 |
| 911 |
|
__ |
| u |
|
073a=9785534113808 |
| u |
|
073d=2579.00 |
| 911 |
|
__ |
| u |
|
106a=s |
| 911 |
|
__ |
| u |
|
900l= |
| 952 |
Тип литературы |
__ |
| i |
Дисциплина |
Программирование |
| 952 |
Тип литературы |
__ |
| i |
Дисциплина |
Методы программирования |
| 952 |
Тип литературы |
__ |
| i |
Дисциплина |
Распределенные системы |
| 952 |
Тип литературы |
__ |
| i |
Дисциплина |
Основы программирования |
| 952 |
Тип литературы |
__ |
| i |
Дисциплина |
Программирование для ЭВМ |
| 952 |
Тип литературы |
__ |
| i |
Дисциплина |
Введение в программирование |
| 952 |
Тип литературы |
__ |
| i |
Дисциплина |
Вычислительные сети и распределенные вычисления |
| 952 |
Тип литературы |
__ |
| i |
Дисциплина |
Организация распределенных вычислительных систем |
| 952 |
Тип литературы |
__ |
| i |
Дисциплина |
Распределенные вычисления |
| 952 |
Тип литературы |
__ |
| i |
Дисциплина |
Распределенные системы и алгоритмы |
| 952 |
Тип литературы |
__ |
| i |
Дисциплина |
Параллельные и распределенные вычисления |
| 952 |
Тип литературы |
__ |
| i |
Дисциплина |
Разработка распределенных систем |
| 952 |
Тип литературы |
__ |
| i |
Дисциплина |
Распределенные вычисления и приложения |
| 952 |
Тип литературы |
__ |
| i |
Дисциплина |
Управление распределенными системами |
| 952 |
Тип литературы |
__ |
| i |
Дисциплина |
Распределенные системы вычислений |
| 952 |
Тип литературы |
__ |
| i |
Дисциплина |
Программирование на ЭВМ |
| 952 |
Тип литературы |
__ |
| i |
Дисциплина |
Распределенные и параллельные вычисления |
| 952 |
Тип литературы |
__ |
| i |
Дисциплина |
Устойчивость распределенных динамических систем |
| 952 |
Тип литературы |
__ |
| i |
Дисциплина |
Численное моделирование процессов в распределенных системах |
| 952 |
Тип литературы |
__ |
| i |
Дисциплина |
Функциональные языки разработки распределенных систем |
| 952 |
Тип литературы |
__ |
| i |
Дисциплина |
Эффективное программирование распределенных систем |
| 952 |
Тип литературы |
__ |
| i |
Дисциплина |
Распределенные алгоритмы и системы |
| 952 |
Тип литературы |
__ |
| i |
Дисциплина |
Введение в распределенные системы |